Idealiści, (Record no. 16593)

MARC details
000 -LEADER
fixed length control field 00649cam a22002051 4500
001 - CONTROL NUMBER
control field ca 30000230
003 - CONTROL NUMBER IDENTIFIER
control field DLC
005 - DATE AND TIME OF LATEST TRANSACTION
control field 20260227111122.0
008 - FIXED-LENGTH DATA ELEMENTS--GENERAL INFORMATION
fixed length control field 880506s1909 pl 000 0 pol
010 ## - LIBRARY OF CONGRESS CONTROL NUMBER
LC control number ca 30000230
035 ## - SYSTEM CONTROL NUMBER
System control number (OCoLC)17913633
040 ## - CATALOGING SOURCE
Original cataloging agency DLC
Transcribing agency MiDW
Modifying agency MiDW
-- DLC
042 ## - AUTHENTICATION CODE
Authentication code premarc
050 00 - LIBRARY OF CONGRESS CALL NUMBER
Classification number PG7158.P4
Item number I4
100 1# - MAIN ENTRY--PERSONAL NAME
Personal name Perzyński, Włodzimierz,
Dates associated with a name 1878-1930.
245 10 - TITLE STATEMENT
Title Idealiści,
Remainder of title trzy jednoaktowe fragmenty sceniczne ...
260 ## - PUBLICATION, DISTRIBUTION, ETC.
Place of publication, distribution, etc. Lwów,
Name of publisher, distributor, etc. Nakładem księgarni polskiej B. Połonieckiego; [etc., etc.]
Date of publication, distribution, etc. 1909.
300 ## - PHYSICAL DESCRIPTION
Extent 3 p. l., [3]-59 p.
Dimensions 20 cm.
505 0# - FORMATTED CONTENTS NOTE
Formatted contents note Dług wdzięczności.--Sezon.--Recenzyjka.

No items available.

Powered by Koha